Gryffindor Quidditch Lineups Quiz Stats

Quiz not verified by Sporcle

Challenge
Share
Tweet
Embed
Score 0/40 Timer 05:00
0 Plays Today
% Correct
Harry Potter
100%
Harry Potter
100%
Harry Potter
100%
Harry Potter
100%
Harry Potter
100%
Oliver Wood
98.5%
George Weasley
98.5%
Fred Weasley
98.5%
Oliver Wood
98.5%
George Weasley
98.5%
Fred Weasley
98.5%
Oliver Wood
98.5%
George Weasley
98.5%
Fred Weasley
98.5%
George Weasley
98.5%
Fred Weasley
98.5%
Ron Weasley
97.7%
Ron Weasley
97.7%
Ginny Weasley
93.9%
Ginny Weasley
93.9%
% Correct
Angelina Johnson
92.4%
Katie Bell
92.4%
Angelina Johnson
92.4%
Katie Bell
92.4%
Angelina Johnson
92.4%
Katie Bell
92.4%
Katie Bell
92.4%
Angelina Johnson
92.4%
Katie Bell
92.4%
Alicia Spinnet
85.6%
Alicia Spinnet
85.6%
Alicia Spinnet
85.6%
Alicia Spinnet
85.6%
Cormac McLaggen
71.2%
Dean Thomas
67.4%
Demelza Robins
53.8%
Jimmy Peakes
52.3%
Jack Sloper
40.9%
Ritchie Coote
37.9%
Andrew Kirke
34.8%

You're not logged in!

Compare scores with friends on all Sporcle quizzes.
Sign Up with Email
OR
Log In

You Might Also Like...

Show Comments

Extras

Top Quizzes Today


Score Distribution

Your Account Isn't Verified!

In order to create a playlist on Sporcle, you need to verify the email address you used during registration. Go to your Sporcle Settings to finish the process.